LEADER 03842nam0 22005533i 450 001 VAN0115559 005 20221207024621.554 012 $2fei$anute t.s. emam nona (C) 1524 (Q)$5VAN 100 $a20180315f1524 |0itac50 ba 101 $alat 102 $aFR 140 $a||||||||| ||||||||| 200 1 $aTextus Boetij. Anitij Manlij Torquati Seuerini Boetij ordinarij viri ex consulis consolatio philosophica & disciplina scholarium cum agrutissima doctissimi viri Raymundi Palasini Albiensis dicti Valderici ... explanatione ... Additum est insuper Sulpitij Verulani carmen iuvenile de moribus in mensa seruandis, et Quintiliani preceptum de officio scolasticorum erga preceptores, perutilisque Humberti Montis moretani de ingenuis adolescentum moribus libellus .. 210 $a[Lugduni$cimpensis Simonis Vincentii$d1524] 215 $a[116] carte$cill.$d8° 300 $aRiferimenti: http://ccfr.bnf.fr. - Per la data confronta: http://ccfr.bnf.fr. - Marca sul frontespizio (S267) e in fine, non censita: S. Pietro e S. Paolo sorreggono il velo con l'immagine del volto di Cristo. - Segnatura: A-K? 2K? L-N? O?; iniziali ornate e illustrazioni xilografiche; testate e illustrazioni calcografiche; frontespizio in cornice stampato in rosso e nero 464 1$1001VAN0115561$12001 $aDe ingenuis adolescentum moribus libellus.$v 464 1$1001VAN0115560$12001 $aPraeceptum de officio scolasticorum erga preceptores.$v 500 1$3VAN0252593$aDe consolatione philosophiae$918012 500 1$3VAN0252594$aDe disciplina scholarium$92967242 500 1$3VAN0252595$aDe moribus in mensa servandis libellus$92967243 700 1$aBoethius$bAnicius Manlius Torquatus Severinus$3VANV031135$0182801 702 0$aHumbert : de Montmoret$3VANV089475 702 1$aPalasinus$bRaymundus$3VANV089476 702 1$aQuintilianus$bMarcus Fabius$3VANV029294 702 1$aSulpizio$bGiovanni$fsec. 15.$3VANV089474 712 02$aVincent, Simon$3VANV089477 790 0$aBoethius$zBoethius, Anicius Manlius Torquatus Severinus$3VANV025804 790 1$aBoezio, Severino$zBoethius, Anicius Manlius Torquatus Severinus$3VANV031136 790 1$aManilius Boetius, Marcus $zBoethius, Anicius Manlius Torquatus Severinus$3VANV059347 790 1$aBoezio, Anicio Manlio Torquato Severino$zBoethius, Anicius Manlius Torquatus Severinus$3VANV059348 790 0$aBoethios $zBoethius, Anicius Manlius Torquatus Severinus$3VANV059350 790 1$aBoetius, Anicius Manlius Torquatus Severinus$zBoethius, Anicius Manlius Torquatus Severinus$3VANV059351 790 1$aBoethius, Severinus$zBoethius, Anicius Manlius Torquatus Severinus$3VANV059352 790 0$aBoèce$zBoethius, Anicius Manlius Torquatus Severinus$3VANV059353 790 1$aBoezio, Anicio Manlio Severino$zBoethius, Anicius Manlius Torquatus Severinus$3VANV059354 790 1$aQuintilliano, M. Fabio$zQuintilianus, Marcus Fabius$3VANV029295 790 0$aQuintilien$zQuintilianus, Marcus Fabius$3VANV029296 790 0$aQuintiliano$zQuintilianus, Marcus Fabius$3VANV029297 801 $aIT$bSOL$c20221209$gRICA 856 4 $u/sebina/repository/catalogazione/documenti/BL.500.51_ok.pdf$zBL.500.51_ok.pdf 899 $aBIBLIOTECA DEL DIPARTIMENTO DI GIURISPRUDENZA$1IT-CE0105$2VAN00 912 $aVAN0115559 921 $aVAN0000064$bS. Pietro e S. Paolo sorreggono il velo con l'immagine del volto di Cristo. Iniziali PV.$cS267$dSul frontespizio. 950 $aBIBLIOTECA DEL DIPARTIMENTO DI GIURISPRUDENZA$d00ANTICO BL.500.51 $e00BL 115559 20180315 Biblioteca Lauria$sBuono 996 $aDe moribus in mensa servandis libellus$92967243 996 $aDe consolatione philosophiae$918012 996 $aDe disciplina scholarium$92967242 997 $aUNISOB